| 000 | 00915nac a22002657a 4500 | ||
|---|---|---|---|
| 001 | BR8302931 | ||
| 003 | BR-BrBNA | ||
| 005 | 20240105115738.0 | ||
| 008 | 230509b bl.|||m| |||| 00| 0 por d | ||
| 040 |
_aBR-BrBNA _bpor _cBiblioteca Nacional de Agricultura |
||
| 072 | _aE10 | ||
| 090 | _aE10 BR8302931 | ||
| 100 | 1 | _aWright, C.L. | |
| 110 | 1 |
_aFundacao Universidade de Brasilia, DF (Brasil). Depto. de Economia _95043 |
|
| 245 | 1 | _aEstado, reforma agraria e coletivizacao de terras rurais [estrutura agraria, posse de terra, Brasil] | |
| 260 | 3 |
_aBrasilia, DF (Brasil): _c1983. |
|
| 300 | _a47 p. | ||
| 490 |
_aTexto para Discussao - Fundacao Universidade de Brasilia. Depto. de Economia (Brazil) _vno. 97 _x |
||
| 500 | _a43 ref. | ||
| 650 | _aREFORMA AGRARIA | ||
| 650 | _aPOSSE DE TERRA | ||
| 650 | _aPROPRIEDADE RURAL | ||
| 909 |
_a202312 _bLúcia Elande _c55 _dLúcia Elande |
||
| 942 |
_2AGRIS _n0 _cMS |
||
| 999 |
_c276206 _d276206 |
||